| 000 | 00407nam a22001337a 4500 | ||
|---|---|---|---|
| 020 | _aHB. | ||
| 040 | _cFIZZA ISHAQ | ||
| 082 |
_a613.69 _bGAV |
||
| 100 |
_aBECKER,DE GAVIN. _9134060 |
||
| 245 |
_aFEAR LESS REAL TRUTH ABOUT RISK,SAFETY,,AND SECURITY IN A TIME OF TERRORISM / _cGAVIN DE BECKER. |
||
| 260 |
_aNEW YORK ; _bLITTLE BROWN AND COMPANY, _c2002. |
||
| 300 |
_a229 P. ; _c8.9X5.9IN |
||
| 942 |
_2ddc _cBK |
||
| 999 |
_c616989 _d616989 |
||